VALORANT AGENTS - 2022 - Statistiques

Statistiques générales
  • Ce quiz a été pris 2 264 fois
  • Le résultat moyen est 16 sur 19
Statistiques - réponses
Hint Réponse % Correct
4 Jett
96%
9 Reyna
95%
10 Brimstone
93%
3 Raze
93%
7 Omen
92%
15 Sage
92%
14 Phoenix
91%
17 Killjoy
87%
8 Breach
86%
18 Cypher
85%
11 Chamber
84%
6 Viper
82%
5 Yoru
82%
16 Skye
81%
2 Sova
81%
1 Astra
80%
12 Fade
77%
13 Neon
77%
19 Kayo
75%
Aucun quiz correspondant
Distribution des résultats
% des personnes avec chaque résultat
Percentile par nombre de réponses
Votre historique - résultats
Vous n’avez pas pris ce quiz